000 00926nam0a22002891 4500
001 RU\INFOCOMM_322\NLR\5000120935
005 20250613105226.0
035 _a(NLR Aleph) 009521970
090 _a8832844
_c8832844
100 _a20121227d1975 |||y0rusy50 ca
101 0 _aeng
102 _aRU
105 _ay z |||||
200 1 _aClassification of domains of operator algebras
_fG. Lassner, W. Timmermann
210 _aДубна
_d1975
215 _a20 с.
_d22 см
225 1 _aˆ[‰Издания]
_fОбъедин. ин-т ядерных исследований
_vЕ 2-8995
320 _aБиблиогр.: с. 19-20
606 0 _aАлгебры операторные
_9931361
_3RU\NLR\AUTH\6624414
686 _aВ162.45
_2rubbk
700 1 _aLassner
_bG.
701 1 _aTimmermann
_bW.
801 1 _aRU
_bInfocomm
_c20121227
801 0 _aRU
_bINFOCOMM
_gPSBO
852 _aNLR
_jП11/2061
942 _cBOOK
980 _aNB